00479 a2200169 450000500170000001000130001702000230003003500130005303700160006608200150008224500890009726000280018627000140021430000370022870000240026570000200028920240502153901.0 aB-758843 a8190094866c500.00 aB-758843 bGift/Unesco a331.310954 aComing Grips with Rural Child Work/bEdited by- Nira Ramchandran [and] Lionel Massun aNew DelhibI.H.D.c2002 aNew Delhi axiv, 468 p.;c24cm. (Hb)bIndex aRamchandran , Nira  aMassun, Lionel